000 00404 a2200109 4500
001 ART_4846
005 20260410161825.0
008 260409a
245 1 0 _aLa generación de empleo de calidad y los procesos de integración regional
100 1 _aMartínez, Daniel
773 0 _tRevista de trabajo
_gEl empleo en el debate de las Américas - Año 1, Nº 1/1 (jul./dic. 2005)
_wREV4713
999 _c22698
_d22698